LIBRARY ONLINE CATALOGUE

An Encyclopaedia of philosophy / (Record no. 14824)

MARC details
000 -LEADER
fixed length control field 00695cam a22002052 4500
001 - CONTROL NUMBER
control field 0000000035
005 - DATE AND TIME OF LATEST TRANSACTION
control field 20151217161126.0
008 - FIXED-LENGTH DATA ELEMENTS--GENERAL INFORMATION
fixed length control field 070108s xx 000 0 eng d
020 ## - INTERNATIONAL STANDARD BOOK NUMBER
International Standard Book Number 0415003237 :
Terms of availability GBP 195.00
040 ## - CATALOGING SOURCE
Original cataloging agency KABU
Transcribing agency KABU
245 13 - TITLE STATEMENT
Title An Encyclopaedia of philosophy /
Statement of responsibility, etc. General editor: G. H. R. Parkinson; associate editors, T. E. Burke ... [et al.]
260 ## - PUBLICATION, DISTRIBUTION, ETC. (IMPRINT)
Place of publication, distribution, etc. London :
Name of publisher, distributor, etc. Routledge,
Date of publication, distribution, etc. 1988.
300 ## - PHYSICAL DESCRIPTION
Extent xi, 935 p. ;
Dimensions 24 cm.
504 ## - BIBLIOGRAPHY, ETC. NOTE
Bibliography, etc Includes bibliographical references and index.
650 #0 - SUBJECT ADDED ENTRY--TOPICAL TERM
Topical term or geographic name as entry element Philosophy.
-- 0000147995
700 1# - ADDED ENTRY--PERSONAL NAME
Personal name Parkinson, G. H. R.
-- 0000147998
908 ## - PUT COMMAND PARAMETER (RLIN)
Put command parameter 070108
950 ## - LOCAL HOLDINGS (RLIN)
-- 1
Holdings
Withdrawn status Lost status Source of classification or shelving scheme Not for loan Home library Current library Date acquired Total Checkouts Full call number Barcode Date last seen Price effective from Koha item type
    Library of Congress Classification Not For Loan Kabarak, Main Campus Kabarak, Main Campus 17/12/2015   B51 .E53 003579 17/12/2015 17/12/2015 Reference